000 00682nam a22002417a 4500
999 _c3805
_d3805
003 AR-CdUCM
008 190307b ||||| |||| 00| 0 spa84-03- d
020 _a84-03-87023-X
040 _aMUNICIPALIDAD PROVINCIAL DEL CUSCO
_cBIBLIOTECA MUNICIPAL DEL CUSCO
041 _heng
082 _a828.8 /
_bAU88
100 _aAusten, Jane
_912268
245 _aOrgullo y prejuicio /
260 _aMadrid :
_bAguilar,
_c1987.
300 _a409 paginas ;
_c16 cm.
505 _aNovela
650 _aNovelas inglesas
_91158
650 _aLiteratura inglesa
_91015
650 _aSiglo XIX..
_912269
700 _a Lázaro Ros, Armando
_912270
942 _2ddc
_cLIBROS
945 _aacv